Observations on the nature and treatment of cholera and on the pathology of mucous membranes / (Record no. 48289)

MARC details
000 -LEADER
campo de control de longitud fija 00588nam a22001815i 4500
001 - NÚMERO DE CONTROL
campo de control 48289
003 - IDENTIFICADOR DE NÚMERO DE CONTROL
campo de control ES-MaACL
005 - FECHA Y HORA DE LA ÚLTIMA TRANSACCIÓN
campo de control 20230906161727.0
007 - CAMPO FIJO DE DESCRIPCIÓN FÍSICA--INFORMACIÓN GENERAL
campo de control de longitud fija t|
008 - DATOS DE LONGITUD FIJA--INFORMACIÓN GENERAL
campo de control de longitud fija 950711s1828 xxk ||||1| eng d
040 ## - FUENTE DE CATALOGACIÓN
Centro catalogador/agencia de origen CAM
Lengua de catalogación spa
Centro/agencia transcriptor CAM
100 1# - ENTRADA PRINCIPAL--NOMBRE DE PERSONA
Nombre de persona Christie, Alex Turnbull.
9 (RLIN) 38658
245 10 - MENCIÓN DEL TÍTULO
Título Observations on the nature and treatment of cholera and on the pathology of mucous membranes /
Mención de responsabilidad, etc. by Alex Turnbull Christie.
260 ## - PUBLICACIÓN, DISTRIBUCIÓN, ETC.
Lugar de publicación, distribución, etc. Edinburgh :
Nombre del editor, distribuidor, etc. Maclachlan and Stewart,
Fecha de publicación, distribución, etc. 1828.
300 ## - DESCRIPCIÓN FÍSICA
Extensión 137 p. ;
Dimensiones 23 cm.
650 #4 - PUNTO DE ACCESO ADICIONAL DE MATERIA--TÉRMINO DE MATERIA
Término de materia o nombre geográfico como elemento de entrada Cólera-
Subdivisión general Tratamiento.
9 (RLIN) 157013
852 ## - LOCALIZACIÓN
Ubicación ES-MaACL
Número de control de estantería G-10015
Holdings
Estatus retirado Estado de pérdida Estado de daño No para préstamo Colección Biblioteca de origen Biblioteca actual Ubicación en estantería Fecha de adquisición Fuente de adquisición Total de préstamos Signatura topográfica completa Código de barras Visto por última vez Precio de reemplazo Tipo de ítem Koha
        Libros del s. XIX Biblioteca del Ateneo de Madrid Biblioteca del Ateneo de Madrid Sala Pecera Planta 3 17/01/2008     G-10015 1050821 23/02/2023 23/02/2023 Libro impreso antiguo